00576nam a2200169 a 450000100100000000500170001000800410002702000150006804000250008308200150010824500550012326000430017830000290022159000260025095201130027699900170038900004276920201002040402.0140207s2003 xxkb r 000 0 spa d a1903492033 aDO-SdBNPbspacBNPHU axxxxbxxxx00aA Review of Peace Operations :ba Case for Change. aLondon :bUniversity of London,c2003. a400 p. :bmapa ;c26 cm. aInventariado, 2019/BT 001050718MOaGRbGRcHDd2014-02-07iLF1l0oxxxx xxxxp42769-10r2020-06-25w2020-06-25y1ZNo se presta c42258d42258